000
00327nam a2200121 a 4500
005
20141022141959.0
008
120306s19uu xx 00 eng d
050
_a
CD
_b
C15 2002
100
_a
Campbell, Marc
245
_a
the complete idiot's guide to computer illustration /
_c
Marc Campbell.
260
_c
2002.
942
_c
AVM
999
_c
276149
_d
276149